<?xml version="1.0" encoding="UTF-8"?>
<record
    xmlns:xsi="http://www.w3.org/2001/XMLSchema-instance"
    xsi:schemaLocation="http://www.loc.gov/MARC21/slim http://www.loc.gov/standards/marcxml/schema/MARC21slim.xsd"
    xmlns="http://www.loc.gov/MARC21/slim">

  <leader>02018nam0a2200373   4500</leader>
  <controlfield tag="001">RU\NLR\bibl\1988503</controlfield>
  <controlfield tag="005">20260406070543.0</controlfield>
  <datafield tag="010" ind1=" " ind2=" ">
    <subfield code="a">978-5-397-03283-4</subfield>
  </datafield>
  <datafield tag="021" ind1=" " ind2=" ">
    <subfield code="a">RU</subfield>
    <subfield code="b">2012-100390</subfield>
    <subfield code="9">7407</subfield>
  </datafield>
  <datafield tag="035" ind1=" " ind2=" ">
    <subfield code="a">(NLR Aleph) 001977065</subfield>
  </datafield>
  <datafield tag="090" ind1=" " ind2=" ">
    <subfield code="a">4036905</subfield>
    <subfield code="c">4036905</subfield>
  </datafield>
  <datafield tag="100" ind1=" " ind2=" ">
    <subfield code="a">20130118d2013    |||y0rusy50      ca</subfield>
  </datafield>
  <datafield tag="101" ind1="1" ind2=" ">
    <subfield code="a">rus</subfield>
    <subfield code="c">ger</subfield>
  </datafield>
  <datafield tag="102" ind1=" " ind2=" ">
    <subfield code="a">RU</subfield>
  </datafield>
  <datafield tag="105" ind1=" " ind2=" ">
    <subfield code="a">y   |||||||||</subfield>
  </datafield>
  <datafield tag="200" ind1="1" ind2=" ">
    <subfield code="a">&#x41D;&#x430;&#x43B;&#x43E;&#x433;&#x43E;&#x432;&#x430;&#x44F; &#x441;&#x438;&#x441;&#x442;&#x435;&#x43C;&#x430; &#x432; &#x420;&#x438;&#x43C;&#x441;&#x43A;&#x43E;&#x439; &#x438;&#x43C;&#x43F;&#x435;&#x440;&#x438;&#x438;</subfield>
    <subfield code="e">[&#x43F;&#x440;&#x430;&#x432;&#x43B;&#x435;&#x43D;&#x438;&#x435; &#x410;&#x432;&#x433;&#x443;&#x441;&#x442;&#x430;, &#x43E;&#x442; &#x410;&#x432;&#x433;&#x443;&#x441;&#x442;&#x430; &#x434;&#x43E; &#x41A;&#x430;&#x440;&#x430;&#x43A;&#x430;&#x43B;&#x43B;&#x44B;, &#x43E;&#x442; &#x41A;&#x430;&#x440;&#x430;&#x43A;&#x430;&#x43B;&#x43B;&#x44B; &#x434;&#x43E; &#x414;&#x438;&#x43E;&#x43A;&#x43B;&#x435;&#x442;&#x438;&#x430;&#x43D;&#x430;]</subfield>
    <subfield code="f">&#x41A;.&#x418;. &#x420;&#x43E;&#x434;&#x431;&#x435;&#x440;&#x442;&#x443;&#x441;-&#x42F;&#x433;&#x435;&#x446;&#x43E;&#x432;</subfield>
    <subfield code="g">&#x43F;&#x435;&#x440;. &#x441; &#x43D;&#x435;&#x43C;. &#x43F;&#x43E;&#x434; &#x440;&#x435;&#x434;. &#x438; &#x441; &#x43F;&#x440;&#x435;&#x434;&#x438;&#x441;&#x43B;. &#x418;.&#x422;. &#x422;&#x430;&#x440;&#x430;&#x441;&#x43E;&#x432;&#x430;</subfield>
  </datafield>
  <datafield tag="210" ind1=" " ind2=" ">
    <subfield code="a">&#x41C;&#x43E;&#x441;&#x43A;&#x432;&#x430;</subfield>
    <subfield code="c">URSS</subfield>
    <subfield code="c">&#x41B;&#x438;&#x431;&#x440;&#x43E;&#x43A;&#x43E;&#x43C;</subfield>
    <subfield code="d">2013</subfield>
  </datafield>
  <datafield tag="215" ind1=" " ind2=" ">
    <subfield code="a">566 &#x441;.</subfield>
    <subfield code="d">22</subfield>
  </datafield>
  <datafield tag="225" ind1="1" ind2=" ">
    <subfield code="a">&#x41A;&#x43B;&#x430;&#x441;&#x441;&#x438;&#x43A;&#x430; &#x43F;&#x43E;&#x43B;&#x438;&#x442;&#x44D;&#x43A;&#x43E;&#x43D;&#x43E;&#x43C;&#x438;&#x447;&#x435;&#x441;&#x43A;&#x43E;&#x439; &#x43C;&#x44B;&#x441;&#x43B;&#x438;</subfield>
  </datafield>
  <datafield tag="300" ind1=" " ind2=" ">
    <subfield code="a">&#x41D;&#x430; 4-&#x439; &#x441;. &#x43E;&#x431;&#x43B;. &#x430;&#x432;&#x442;.: &#x41A;.&#x418;. &#x420;&#x43E;&#x434;&#x431;&#x435;&#x440;&#x442;&#x443;&#x441;-&#x42F;&#x433;&#x435;&#x446;&#x43E;&#x432; - &#x43D;&#x435;&#x43C;. &#x44D;&#x43A;&#x43E;&#x43D;&#x43E;&#x43C;&#x438;&#x441;&#x442;, &#x438;&#x441;&#x442;&#x43E;&#x440;&#x438;&#x43A; &#x438; &#x43F;&#x43E;&#x43B;&#x438;&#x442;. &#x434;&#x435;&#x44F;&#x442;&#x435;&#x43B;&#x44C;</subfield>
  </datafield>
  <datafield tag="606" ind1="1" ind2=" ">
    <subfield code="a">&#x41D;&#x430;&#x43B;&#x43E;&#x433;&#x43E;&#x432;&#x430;&#x44F; &#x441;&#x438;&#x441;&#x442;&#x435;&#x43C;&#x430;</subfield>
    <subfield code="y">&#x420;&#x438;&#x43C;&#x441;&#x43A;&#x430;&#x44F; &#x438;&#x43C;&#x43F;&#x435;&#x440;&#x438;&#x44F;</subfield>
    <subfield code="9">2133886</subfield>
    <subfield code="3">RU\NLR\auth\661591214</subfield>
  </datafield>
  <datafield tag="606" ind1="1" ind2=" ">
    <subfield code="a">&#x42D;&#x43A;&#x43E;&#x43D;&#x43E;&#x43C;&#x438;&#x447;&#x435;&#x441;&#x43A;&#x438;&#x435; &#x443;&#x447;&#x435;&#x43D;&#x438;&#x44F;</subfield>
    <subfield code="y">&#x413;&#x435;&#x440;&#x43C;&#x430;&#x43D;&#x438;&#x44F;</subfield>
    <subfield code="z">19 &#x432;.</subfield>
    <subfield code="9">2630659</subfield>
    <subfield code="3">RU\NLR\auth\661567219</subfield>
  </datafield>
  <datafield tag="686" ind1=" " ind2=" ">
    <subfield code="a">&#x423;02(4&#x413;)51-167</subfield>
  </datafield>
  <datafield tag="686" ind1=" " ind2=" ">
    <subfield code="a">&#x423;26(0)141.3</subfield>
  </datafield>
  <datafield tag="700" ind1=" " ind2="1">
    <subfield code="4">070</subfield>
    <subfield code="8">rus</subfield>
    <subfield code="7">ca</subfield>
    <subfield code="a">&#x420;&#x43E;&#x434;&#x431;&#x435;&#x440;&#x442;&#x443;&#x441;-&#x42F;&#x433;&#x435;&#x446;&#x43E;&#x432;</subfield>
    <subfield code="b">&#x41A;. &#x418;.</subfield>
    <subfield code="f">1805-1875</subfield>
    <subfield code="g">&#x41A;&#x430;&#x440;&#x43B; &#x418;&#x43E;&#x433;&#x430;&#x43D;&#x43D;</subfield>
    <subfield code="3">RU\NLR\auth\7769978</subfield>
    <subfield code="9">52906</subfield>
  </datafield>
  <datafield tag="702" ind1=" " ind2="0">
    <subfield code="4">570</subfield>
    <subfield code="8">rus</subfield>
    <subfield code="7">ca</subfield>
    <subfield code="a">&#x410;&#x432;&#x433;&#x443;&#x441;&#x442;</subfield>
    <subfield code="c">&#x438;&#x43C;&#x43F;&#x435;&#x440;&#x430;&#x442;&#x43E;&#x440; &#x440;&#x438;&#x43C;&#x441;&#x43A;&#x438;&#x439;</subfield>
    <subfield code="f">63 &#x434;&#x43E; &#x43D;.&#x44D;.-14 &#x43D;.&#x44D;.</subfield>
    <subfield code="3">RU\NLR\auth\7715780</subfield>
    <subfield code="9">125428</subfield>
  </datafield>
  <datafield tag="702" ind1=" " ind2="0">
    <subfield code="4">570</subfield>
    <subfield code="8">rus</subfield>
    <subfield code="7">ca</subfield>
    <subfield code="a">&#x41A;&#x430;&#x440;&#x430;&#x43A;&#x430;&#x43B;&#x43B;&#x430;</subfield>
    <subfield code="c">&#x438;&#x43C;&#x43F;&#x435;&#x440;&#x430;&#x442;&#x43E;&#x440; &#x440;&#x438;&#x43C;&#x441;&#x43A;&#x438;&#x439;</subfield>
    <subfield code="f">186-217</subfield>
    <subfield code="3">RU\NLR\AUTH\77119765</subfield>
    <subfield code="9">102690</subfield>
  </datafield>
  <datafield tag="702" ind1=" " ind2="0">
    <subfield code="4">570</subfield>
    <subfield code="8">rus</subfield>
    <subfield code="7">ca</subfield>
    <subfield code="a">&#x414;&#x438;&#x43E;&#x43A;&#x43B;&#x435;&#x442;&#x438;&#x430;&#x43D;</subfield>
    <subfield code="c">&#x438;&#x43C;&#x43F;&#x435;&#x440;&#x430;&#x442;&#x43E;&#x440; &#x440;&#x438;&#x43C;&#x441;&#x43A;&#x438;&#x439;</subfield>
    <subfield code="f">243-&#x43E;&#x43A;.313</subfield>
    <subfield code="3">RU\NLR\AUTH\779701</subfield>
    <subfield code="9">119513</subfield>
  </datafield>
  <datafield tag="801" ind1=" " ind2="0">
    <subfield code="a">RU</subfield>
    <subfield code="b">NLR</subfield>
    <subfield code="c">20130118</subfield>
    <subfield code="g">RCR</subfield>
  </datafield>
  <datafield tag="801" ind1=" " ind2="1">
    <subfield code="a">RU</subfield>
    <subfield code="b">NLR</subfield>
    <subfield code="c">20130118</subfield>
  </datafield>
  <datafield tag="942" ind1=" " ind2=" ">
    <subfield code="c">BOOK</subfield>
  </datafield>
  <datafield tag="980" ind1=" " ind2=" ">
    <subfield code="a">NB</subfield>
  </datafield>
  <datafield tag="995" ind1=" " ind2=" ">
    <subfield code="5">2013-01-18</subfield>
    <subfield code="a">ad</subfield>
    <subfield code="b">NLR01</subfield>
    <subfield code="c">NLR01</subfield>
    <subfield code="e">RF8</subfield>
    <subfield code="f">1-1510204</subfield>
    <subfield code="k">2013-5/339</subfield>
    <subfield code="o">0</subfield>
    <subfield code="r">BOOK</subfield>
    <subfield code="s">20135339_</subfield>
  </datafield>
  <datafield tag="995" ind1=" " ind2=" ">
    <subfield code="5">2013-01-18</subfield>
    <subfield code="a">ad</subfield>
    <subfield code="b">NLR01</subfield>
    <subfield code="c">NLR01</subfield>
    <subfield code="e">RF8</subfield>
    <subfield code="f">3806548</subfield>
    <subfield code="k">2013-5/339</subfield>
    <subfield code="o">0</subfield>
    <subfield code="r">BOOK</subfield>
    <subfield code="s">20135339_</subfield>
  </datafield>
  <datafield tag="995" ind1=" " ind2=" ">
    <subfield code="5">2013-06-14</subfield>
    <subfield code="a">aa</subfield>
    <subfield code="b">NLR01</subfield>
    <subfield code="c">NLR01</subfield>
    <subfield code="e">OZ1</subfield>
    <subfield code="f">1-94982</subfield>
    <subfield code="k">&#x421;1 &#x423;02(0)/&#x420;-600</subfield>
    <subfield code="o">0</subfield>
    <subfield code="p">612.00</subfield>
    <subfield code="r">BOOK</subfield>
    <subfield code="s">1_020600</subfield>
  </datafield>
</record>
